Welcome to CU Library Online Public Access Catalogue (OPAC)

Strategies of community organization : (Record no. 9309)

MARC details
000 -LEADER
fixed length control field 00659nam a2200217 a 4500
001 - CONTROL NUMBER
control field 3353609
005 - DATE AND TIME OF LATEST TRANSACTION
control field 20260420173709.0
008 - FIXED-LENGTH DATA ELEMENTS--GENERAL INFORMATION
fixed length control field 861107s1987 ilu b 001 0 eng
020 ## - INTERNATIONAL STANDARD BOOK NUMBER
International Standard Book Number 0875813216
Qualifying information pbk.
020 ## - INTERNATIONAL STANDARD BOOK NUMBER
International Standard Book Number 9780875813219
Qualifying information (pbk.)
050 00 - LIBRARY OF CONGRESS CALL NUMBER
Classification number HV41
Item number .S823 1987
082 00 - DEWEY DECIMAL CLASSIFICATION NUMBER
Classification number 361.8
Edition information 19
245 00 - TITLE STATEMENT
Title Strategies of community organization :
Remainder of title macro practice /
Statement of responsibility, etc. editors, Fred M. Cox ... [et al.].
250 ## - EDITION STATEMENT
Edition statement 4th ed.
260 ## - PUBLICATION, DISTRIBUTION, ETC.
Place of publication, distribution, etc. Itasca, Ill. :
Name of publisher, distributor, etc. F.E. Peacock Publishers,
Date of publication, distribution, etc. c1987.
300 ## - PHYSICAL DESCRIPTION
Extent ix, 552 p. ;
Dimensions 24 cm.
500 ## - GENERAL NOTE
General note Includes indexes.
650 #0 - SUBJECT ADDED ENTRY--TOPICAL TERM
Topical term or geographic name entry element Community organization.
700 1# - ADDED ENTRY--PERSONAL NAME
Personal name Cox, Fred M.
942 ## - ADDED ENTRY ELEMENTS (KOHA)
Source of classification or shelving scheme Library of Congress Classification
Koha item type Books
Edition 4th ed.
Suppress in OPAC No
999 ## -
-- 9309
-- 9309
Holdings
Withdrawn status Lost status Source of classification or shelving scheme Damaged status Not for loan Collection Home library Current library Shelving location Date acquired Total checkouts Full call number Barcode Date last seen Copy number Price effective from Koha item type
    Library of Congress Classification     Non-fiction Business Library (Miotso) Business Library (Miotso) General stacks 04/20/2026   HV41 .S823 1987 BSSM00003303 04/20/2026 1 04/20/2026 Books
© 2023-2024 Copyright: Central University Libraries. All Rights Reserved | Created by: Mahone Tech Office